Educación cívica y el ejercicio de la ciudadanía. Los estudiantes chilenos en el Estudio Internacional de Educación Cívica

Guardat en:
Dades bibliogràfiques
Autor corporatiu: Ministerio de Educación (Autor)
Format: Llibre
Idioma:espanyol
Publicat: Santiago, Chile. Ministerio de Educación, 2003
Matèries:
Etiquetes: Afegir etiqueta
Sense etiquetes, Sigues el primer a etiquetar aquest registre!

MARC

LEADER 00000nam a2200000 a 4500
001 UCK5366
003 CL-VaPUC
005 20211115131032.0
008 050722e20031200CL |||||||||||||||||spa|d
999 |c 313939  |d 313937 
020 |a 956-292-079-8 
040 |c Pontificia Universidad Católica de Valparaíso 
082 0 4 |a 320.4 MIN 2003  |2 21 
110 2 |a Ministerio de Educación  |e author  |9 494118 
245 1 0 |a Educación cívica y el ejercicio de la ciudadanía.  |b Los estudiantes chilenos en el Estudio Internacional de Educación Cívica 
260 |a Santiago, Chile.   |b Ministerio de Educación,  |c 2003 
300 |a 191 páginas 
500 |a c.2. Donación Btca. Derecho 12-11-2021 
583 |a last modification  |c 20050722 00:00:00  |k Rodrigo Vera 
650 0 |a Educación cívica  |9 314665  |z Chile  
650 0 |a Reforma educacional   |9 256319  |z Chile  
650 0 |a Ciudadanía  |9 258339 
942 |c BK  |2 ddc 
945 |d 20050722 00:00:00  |a cmena 
952 |0 0  |1 0  |2 ddc  |4 0  |6 320_400000000000000_MIN_2003  |7 0  |8 A  |9 385753  |a BIBEDU  |b BIBEDU  |d 2019-11-22  |i 3998509  |o 320.4 MIN 2003  |p 3998509  |r 2019-11-22  |w 2019-11-22  |y BK  |k BME 
952 |0 0  |1 0  |2 ddc  |4 0  |6 320_400000000000000_MIN_2003  |7 0  |8 A  |9 579322  |a BIBHIS  |b BIBHIS  |d 2021-11-15  |e Donación   |i 5626749  |o 320.4 MIN 2003  |p 5626749  |r 2025-01-20  |t 2  |w 2021-11-15  |y BK  |k HIS